Countries Flags That Have Eagles on Them - Statistics

General Stats
  • This quiz has been taken 182 times
  • The average score is 6 of 10
Answer Stats
Hint Answer % Correct
Double Headed Eagle Albania
98%
Eagle Mexico
80%
Double Headed Eagle Serbia
79%
Double Headed Eagle Montenegro
72%
Condor Ecuador
63%
Eagle Zambia
51%
Eagle Egypt
48%
Eagle Kazakhstan
45%
Condor Bolivia
42%
Eagle Moldova
42%
No matching quizzes found
Score Distribution
Percent of People with Each Score
Percentile by Number Answered
Your Score History
You have not taken this quiz